Statistiken für Heiteres "Schriftsteller nach Werk"-Raten

Klicken Sie hier um das Quiz zu spielen!

Allgemein

  • Dieses Quiz wurde 366 mal gespielt
  • Das Durchschnittsergebnis liegt bei 19 aus 46

Antwortstatistiken

HintAntwort% Korrekt
Faust, Das Leiden des jungen WerthersJohann Wolfgang Goethe
95%
Hamlet, MacBethWilliam Shakespeare
93%
Die Räuber, Maria StuartFriedrich Schiller
91%
Ilias, OdysseeHomer
90%
Die Verwandlung, Der ProcessFranz Kafka
85%
Harry Potter und der Stein der WeisenJoanne K. Rowling
83%
Krieg und Frieden, Anna KareninaLew Tolstoi
77%
Shining, EsStephen King
75%
Der Herr der Ringe, Der HobbitJ. R. R. Tolkien
74%
Nathan der Weise, Emilia GalottiGotthold Ephraim Lessing
73%
Das Leben des Galilei, DreigroschenoperBertolt Brecht
70%
Der alte Mann und das MeerErnest Hemingway
65%
Der Besuch der alten Dame, Die PhysikerFriedrich Dürrenmatt
63%
Der Steppenwolf, Unterm RadHermann Hesse
63%
Schuld und Sühne, Die Brüder KaramasowFjodor Dostojewski
56%
Oliver Twist, Eine Geschichte aus zwei StädtenCharles Dickens
54%
Divina ComediaDante Alighieri
51%
Der Rabe, Der Untergang des Hauses UsherEdgar Allan Poe
45%
Peer Gynt, Nora oder Ein PuppenheimHenrik Ibsen
43%
Apologie des Sokrates, KritiasPlaton
42%
Frankenstein oder Der moderne PrometheusMary Shelley
40%
Gullivers ReisenJonathan Swift
37%
Die Pest, Der Mythos des SisyphosAlbert Camus
36%
Dubliner, Finnegans WakeJames Joyce
36%
Der Fänger im RoggenJ. D. Salinger
36%
Warten auf Godot, Malone stirbtSamuel Beckett
34%
Der Sandmann, Das öde HausE.T.A. Hoffmann
33%
Das Geisterhaus, Porträt in SepiaIsabel Allende
30%
Die Satanischen Verse, GrimusSalman Rushdie
28%
Candide oder der OptimismusVoltaire
27%
Hundert Jahre Einsamkeit, Die Liebe in Zeite der CholeraGabriel García Márquez
26%
Ich, der Robot, Foundation-TrilogieIsaac Asimov
18%
HistorienHerodot von Halikarnassos
16%
Sterntagebücher, SolarisStanislaw Lem
16%
SelbstbetrachtungenMark Aurel
15%
Justine oder Das Missgeschick der TugendMarquis de Sade
11%
ErecHartmann von Aue
10%
Kafka am Strand, Mister AufziehvogelMurakami Haruki
10%
Ein gutes Omen, Die Farben der MagieTerry Pratchett
7%
Tränen des Vaterlandes, Menschliches ElendeAndreas Gryphius
5%
Unendlicher Spaß, Der bleiche KönigDavid Foster Wallace
5%
Coraline, Der Ozean am Ende der StraßeNeil Gaiman
5%
Things Fall Apart, Der Pfeil GottesChinua Achebe
3%
Schnee im Frühling, Die BrandungMishima Yukio
2%
Gora, Das Heim und die WeltRabindranath Thakur
2%
Fräulein Hallo und der BauernkaiserLiao Yiwu
1%

Verteilung der Resultate

Perzentil nach korrekt beantworteten Fragen

Anzahl Personen mit jedem Resultat

Ihre Resultats-Entwicklung

Sie haben dieses Quiz noch nicht gespielt